000 01051nam0a2200277 4500
001 RU\NLR\BIBL_A\011796276
005 20250128194045.0
010 _a978-5-9613-0543-2
_9100
021 _aRU
_bКН-П-18-052966
_9КН-П-18-3812
035 _a(NLR Aleph) 011796276
090 _a13418490
_c13418490
100 _a20180920d2018 m y0rusy50 ca
101 0 _abak
102 _aRU
105 _ay z 000 y
200 1 _aКүңелем нурҙары
_eшиғырҙар, хикәйә
_fЗинира Рафиҡова-Сәйфуллина
210 _aӨфө
_cМатбуғат донъяһы
_d2018
215 _a55,[2] б.
_d21
541 1 _6z01790
_aЛучи моей души
_eстихи, рассказ.
_zrus
686 1 _aШ6(2=Баш)7 я44
700 1 _aРафиҡова-Сәйфуллина
_bЗ. Р.
_f1963-
_gЗинира Рәсүл ҡыҙы
_4070
790 1 _6z01541
_aРафикова-Сайфуллина
_bЗ. Р.
_gЗинира Расуловна
_4070
852 _aNLR
_bОНЛ
_jБашк./3-5763
942 _cBOOK
980 _aNB